OPTIMALIZÁCIA PREPRAVNÝCH OBALOV

Bibliographic Details
Main Authors: Klester, A. (Author), Závodný, F. (Author), Štefánik, I. (Author)
Format: Article
Language:Slovak

MARC

LEADER 00000nab a2200000uu 4500
001 vtls011494948
003 SK-MaSNL
005 20260303121312.0
008 230131|1969 xo |||||||||||||||||slo|
015 |a SNBRB 
035 |a (urnnbn)urn:nbn:sk:snk:ar-a09w8i 
035 |a (uuid)eb91c982-6660-4c2c-ae76-7baa80ce2e27 
035 |a urn:nbn:sk:snk-abdj3r 
040 |a SNKBUCL  |b slo  |c SNKBUCL  |e AACR2 
041 0 |a slo 
044 |a xo  |c SK 
100 1 |a Klester, A.  |4 aut  |9 1134833 
245 1 0 |a OPTIMALIZÁCIA PREPRAVNÝCH OBALOV  |c A. Klester, I. Štefánik, F. Závodný 
700 1 |a Závodný, F.  |4 aut  |9 1134834 
700 1 |a Štefánik, I.  |4 aut  |9 1117667 
773 0 |t Hydinársky priemysel : technicko-ekonomický mesačník hydinárskeho priemyslu  |g Roč. 11, č. 1 (1969), s. 13-22 
954 |a odborná, vedecká literatúra pôvodná (slovenská)  |2 lita 
958 |a OND 
958 |a EUIPO 
958 |a article18 
999 |c 1914621  |d 1916551